[Event "Moscow-Open 2021_A"]
[Site "Moscow"]
[Date "2021.02.26"]
[Round "7.58"]
[White "Korshunov, Sergey And"]
[Black "Zhugin, Nikolay"]
[Result "1/2-1/2"]
[WhiteElo "1847"]
[BlackElo "1646"]
[PlyCount "119"]
[EventDate "2021.02.20"]

1. e4 c5 2. Nf3 Nc6 3. d4 cxd4 4. Nxd4 g6 5. c4 Nf6 6. Nc3 Bg7 7. Be3 d6 8. Be2
O-O 9. O-O Bd7 10. f3 Nh5 11. Nc2 Rc8 12. Qd2 f5 13. exf5 Bxf5 14. Nd4 Nxd4 15.
Bxd4 Bxd4+ 16. Qxd4 e5 17. Qd2 Be6 18. Rfd1 Qb6+ 19. Kh1 Rc6 20. b3 Kg7 21. Bd3
Rc7 22. Na4 Qd4 23. Be4 Qxd2 24. Rxd2 Rd8 25. Nc3 a6 26. a4 Kf8 27. Kg1 Ke7 28.
Bd5 g5 29. a5 Nf6 30. Ra4 Nd7 31. Rb4 Rb8 32. Bxe6 Kxe6 33. Ne4 Rc6 34. Nxg5+
Kf5 35. Ne4 Ke6 36. Kf2 b6 37. axb6 Rbxb6 38. Rxb6 Rxb6 39. Rd3 h6 40. Kg3 Nf8
41. Kg4 Ng6 42. g3 Ne7 43. Kh5 Nf5 44. Nd2 Rb8 45. g4 Nd4 46. f4 Rg8 47. f5+
Ke7 48. h3 Ne2 49. Kxh6 Nf4 50. Rf3 Kf7 51. f6 Rh8+ 52. Kg5 Ne6+ 53. Kf5 Nd4+
54. Ke4 Nxf3 55. Nxf3 Kxf6 56. h4 Ke7 57. c5 dxc5 58. Nxe5 Kf6 59. Nd7+ Kg6 60.
Nxc5 1/2-1/2

[Event "Moscow-Open 2021_A"]
[Site "Moscow"]
[Date "2021.02.26"]
[Round "7.59"]
[White "Sharikov, Alexander"]
[Black "Artemov, Maxim"]
[Result "1-0"]
[WhiteElo "2170"]
[BlackElo "1510"]
[PlyCount "48"]
[EventDate "2021.02.20"]

1. g4 d5 2. Bg2 c6 3. g5 Bf5 4. d3 e5 5. Nc3 h6 6. h4 Be7 7. Nf3 Nd7 8. e4 dxe4
9. Nxe4 Bxe4 10. dxe4 Qc7 11. Qe2 hxg5 12. hxg5 Rxh1+ 13. Bxh1 O-O-O 14. Bd2
Bc5 15. O-O-O Ne7 16. Qc4 Rf8 17. Bg2 f5 18. gxf6 gxf6 19. Bh3 f5 20. Bg5 b5
21. Qe6 Rh8 22. Bxe7 Rxh3 23. Nxe5 Bxe7 24. Rxd7 Rh1+ 1-0

[Event "Moscow-Open 2021_A"]
[Site "Moscow"]
[Date "2021.02.26"]
[Round "7.60"]
[White "Kirushin, Ivan"]
[Black "Mikhnenko, Alexander"]
[Result "1/2-1/2"]
[WhiteElo "1765"]
[BlackElo "2129"]
[PlyCount "114"]
[EventDate "2021.02.20"]

1. e4 c6 2. g3 d5 3. Bg2 dxe4 4. Bxe4 Nf6 5. Bg2 e5 6. d3 Bc5 7. Nc3 O-O 8. Nf3
Re8 9. O-O Bf5 10. Bg5 Nbd7 11. Ne4 Be7 12. Bxf6 gxf6 13. Nh4 Bg6 14. Bh3 Nc5
15. Qe2 Nxe4 16. dxe4 Qd4 17. Nf5 Qxb2 18. Rab1 Qxa2 19. Rxb7 Bc5 20. Qg4 Bf8
21. Qh4 Bg7 22. Nxg7 Kxg7 23. f4 exf4 24. Qxf4 Kg8 25. Qxf6 Rab8 26. Rxb8 Rxb8
27. Qxc6 Qa3 28. Bf5 Qe3+ 29. Kg2 Rd8 30. Bxg6 hxg6 31. Rf2 a5 32. Qc4 Qa7 33.
Qa4 Qc5 34. h4 Qe5 35. Qc4 Qe7 36. h5 gxh5 37. Re2 Qe5 38. Rf2 Qe7 39. Rf5 h4
40. Qe2 hxg3 41. Qg4+ Kf8 42. Kxg3 a4 43. Qh5 Qd6+ 44. e5 Qe6 45. Qh8+ Ke7 46.
Qh4+ Ke8 47. Qxa4+ Rd7 48. Qa8+ Rd8 49. Qa4+ Kf8 50. Qb4+ Ke8 51. Qb5+ Kf8 52.
Qc5+ Ke8 53. Rf6 Qc8 54. Qxc8 Rxc8 55. Rf2 Rc4 56. Re2 Ke7 57. Kf3 Ke6 1/2-1/2

[Event "Moscow-Open 2021_A"]
[Site "Moscow"]
[Date "2021.02.26"]
[Round "7.61"]
[White "Druchenko, Mikhail"]
[Black "Sviridov, Vladislav"]
[Result "1/2-1/2"]
[WhiteElo "1761"]
[BlackElo "2123"]
[PlyCount "81"]
[EventDate "2021.02.20"]

1. e4 e5 2. Nf3 Nf6 3. Nxe5 d6 4. Nf3 Nxe4 5. Qe2 Qe7 6. d3 Nf6 7. Bg5 Qxe2+ 8.
Bxe2 Be7 9. Nc3 h6 10. Bxf6 Bxf6 11. Nd5 Bd8 12. O-O-O c6 13. Ne3 O-O 14. d4 d5
15. Rhe1 Be6 16. Bd3 Nd7 17. c3 Bc7 18. Bf5 Rfe8 19. Bxe6 Rxe6 20. Ng4 Rae8 21.
Rxe6 Rxe6 22. Kd2 Bf4+ 23. Kd3 Rg6 24. h3 h5 25. Nh4 hxg4 26. Nxg6 fxg6 27.
hxg4 Nf6 28. f3 g5 29. a4 Nd7 30. a5 a6 31. Ra1 Bd6 32. Re1 Kf7 33. Rh1 Nf8 34.
Rh8 Ke7 35. Rh1 Ne6 36. b4 Kd7 37. Rh7 Be7 38. Ke3 Bd6 39. Kd3 Nf4+ 40. Ke3 Ne6
41. Kd3 1/2-1/2

[Event "Moscow-Open 2021_A"]
[Site "Moscow"]
[Date "2021.02.26"]
[Round "7.62"]
[White "Khmelev, Mikhail"]
[Black "Ryabov, Georgi"]
[Result "0-1"]
[WhiteElo "2077"]
[BlackElo "1751"]
[PlyCount "78"]
[EventDate "2021.02.20"]

1. f4 d5 2. Nf3 g6 3. g3 Bg7 4. Bg2 e6 5. O-O Ne7 6. c3 O-O 7. d3 c5 8. Qe1 d4
9. Na3 Nbc6 10. Nc4 b6 11. Nfe5 Bb7 12. e3 dxe3 13. Qxe3 Qc7 14. a4 Nxe5 15.
Nxe5 Bxg2 16. Kxg2 Rad8 17. Nf3 Nc6 18. Rb1 Rfe8 19. b4 cxb4 20. cxb4 Nd4 21.
Bd2 Nxf3 22. Rxf3 Rd5 23. Rc1 Qd7 24. a5 Rd8 25. axb6 Bd4 26. Qe2 Bxb6 27. Rc3
Qb5 28. Rb3 Qa4 29. Rc3 Qxb4 30. Rc6 Qb2 31. Kf1 Qd4 32. Re3 Rb5 33. Rc4 Rb1+
34. Kg2 Qd5+ 35. Qf3 Bxe3 36. Bxe3 Qxd3 37. Rc7 Rb3 38. Kf2 Rb2+ 39. Kg1 Qd1+
0-1

[Event "Moscow-Open 2021_A"]
[Site "Moscow"]
[Date "2021.02.26"]
[Round "7.63"]
[White "Tandelov, Arseny"]
[Black "Chertkov, Maksim"]
[Result "1-0"]
[WhiteElo "1657"]
[BlackElo "1972"]
[PlyCount "139"]
[EventDate "2021.02.20"]

1. d4 d5 2. c4 dxc4 3. e3 Nf6 4. Bxc4 e6 5. Nf3 a6 6. O-O c5 7. a4 b6 8. Nc3
Bb7 9. Qe2 Be7 10. Rd1 Qc7 11. e4 O-O 12. e5 Nd5 13. Bxd5 exd5 14. dxc5 Qxc5
15. Be3 Qa5 16. Qd3 Rd8 17. Bg5 Nc6 18. Nxd5 Bxg5 19. Nxg5 g6 20. Qh3 h5 21. b4
Nxb4 22. Nf6+ Kg7 23. Nxf7 Rxd1+ 24. Rxd1 Qxa4 25. Qd7 Bc6 26. Qd4 Kxf7 27. e6+
Ke7 28. Nd7 Nd5 29. Qg7+ Kd8 30. Rc1 Rc8 31. Qf8+ Kc7 32. e7 Kxd7 33. Qxc8+
Kxc8 34. e8=Q+ Kb7 35. Qxg6 Qb5 36. Qxh5 a5 37. Qf7+ Nc7 38. h4 a4 39. Qf6 Qd5
40. f3 Ne8 41. Qe7+ Nc7 42. Qe4 Qxe4 43. fxe4 Bxe4 44. Rc4 Bc6 45. h5 a3 46.
Rc2 Be4 47. Re2 Bb1 48. h6 b5 49. g4 Ne6 50. Rxe6 a2 51. Re7+ Kb6 52. Re6+ Ka5
53. Re7 Kb4 54. Ra7 Kb3 55. Kf2 Kb2 56. Ke3 b4 57. Kd4 b3 58. Kc4 Bg6 59. Kb4
Be4 60. h7 Bxh7 61. Rxh7 a1=N 62. Rh2+ Nc2+ 63. Kc4 Ka3 64. Rh3 Na1 65. g5 Ka2
66. g6 b2 67. Rh2 Nb3 68. g7 Ka3 69. Rxb2 Kxb2 70. g8=Q 1-0

[Event "Moscow-Open 2021_A"]
[Site "Moscow"]
[Date "2021.02.26"]
[Round "7.64"]
[White "Maslovskiy, Vladimir"]
[Black "Bugaev, Anton"]
[Result "0-1"]
[WhiteElo "1959"]
[BlackElo "1648"]
[PlyCount "93"]
[EventDate "2021.02.20"]

1. e4 c5 2. Nf3 e6 3. c3 d5 4. e5 Nc6 5. d4 Nge7 6. a3 Bd7 7. b4 cxd4 8. cxd4
b5 9. Nc3 Qb6 10. Be3 Nf5 11. Bd3 Nxe3 12. fxe3 Rc8 13. Qb3 a5 14. Na2 Be7 15.
O-O O-O 16. Rac1 axb4 17. Nxb4 Na5 18. Qb1 h6 19. e4 dxe4 20. Bxe4 Nc4 21. Qd3
Qa5 22. d5 Bc5+ 23. Kh1 Qxa3 24. Qxa3 Nxa3 25. Nd3 Nc4 26. d6 Ba3 27. Rb1 f5
28. Bb7 Rb8 29. Ba6 Rb6 30. Bxb5 Bxb5 31. Nd4 Rfb8 32. Nxb5 Rxb5 33. Rxb5 Rxb5
34. d7 Rd5 35. Nf4 Rxd7 36. Nxe6 Ne3 37. Re1 Rd1 38. Rxd1 Nxd1 39. Nd4 Bc5 40.
Nxf5 Nf2+ 41. Kg1 Ng4+ 42. Kf1 Nxe5 43. h3 Kf7 44. Ke2 Kf6 45. Ng3 Ba7 46. Nf1
Kf5 47. Ng3+ 0-1

[Event "Moscow-Open 2021_A"]
[Site "Moscow"]
[Date "2021.02.26"]
[Round "7.65"]
[White "Davidyan, Vladimir"]
[Black "Gaer, Igor"]
[Result "0-1"]
[WhiteElo "1427"]
[BlackElo "1916"]
[PlyCount "70"]
[EventDate "2021.02.20"]

1. e4 c5 2. Nf3 d6 3. d4 cxd4 4. Nxd4 Nf6 5. Nc3 Nc6 6. Be3 Ng4 7. Bb5 Nxe3 8.
fxe3 Bd7 9. O-O e6 10. Bxc6 bxc6 11. Qh5 g6 12. Qf3 Qe7 13. e5 d5 14. e4 Bg7
15. exd5 cxd5 16. Rae1 O-O 17. Nb3 a5 18. Qf2 Rfc8 19. a4 Rc4 20. Qb6 Bxa4 21.
Nxa5 Rb4 22. Nc6 Rxb6 23. Nxe7+ Kf8 24. Nc8 Rxc8 25. Nxa4 Rb4 26. Ra1 Bxe5 27.
c3 Re4 28. Nb6 Rc7 29. Ra8+ Kg7 30. Rd8 Rb7 31. Nd7 Rxb2 32. Nxe5 Rxe5 33. Rd7
Rf5 34. Rxf5 gxf5 35. Rc7 Rc2 0-1

[Event "Moscow-Open 2021_A"]
[Site "Moscow"]
[Date "2021.02.26"]
[Round "7.66"]
[White "Ponomarev, Andrey A"]
[Black "Urivskiy, Arseniy A"]
[Result "0-1"]
[WhiteElo "1893"]
[BlackElo "1422"]
[PlyCount "84"]
[EventDate "2021.02.20"]

1. e4 c5 2. Nf3 d6 3. d4 cxd4 4. Nxd4 Nf6 5. Nc3 a6 6. Be3 e5 7. Nb3 Be6 8. f3
Nbd7 9. Qd2 b5 10. g4 b4 11. Ne2 a5 12. g5 Nh5 13. a4 Nb6 14. Ng3 Nxg3 15. hxg3
Nc4 16. Bxc4 Bxc4 17. Nc1 Be7 18. b3 Be6 19. Ne2 d5 20. exd5 Qxd5 21. Qxd5 Bxd5
22. Rf1 Rc8 23. Kd2 O-O 24. Rab1 Rc6 25. Rbc1 Rd8 26. Ke1 Rdc8 27. Kd2 Rd8 28.
Ke1 Rdc8 29. Kd2 Be6 30. g4 Rd8+ 31. Ke1 Rdc8 32. Kd2 e4 33. Nd4 Rd6 34. fxe4
Bxg5 35. Bxg5 Rxd4+ 36. Ke3 Rd7 37. Rg1 Rc3+ 38. Ke2 Rdc7 39. Kd2 Rd7+ 40. Ke2
Rd4 41. Rcd1 Rxe4+ 42. Kf2 h6 0-1

[Event "Moscow-Open 2021_A"]
[Site "Moscow"]
[Date "2021.02.26"]
[Round "7.67"]
[White "Basiev, Georgiy"]
[Black "Ekimov, Pavel"]
[Result "0-1"]
[WhiteElo "1448"]
[BlackElo "1853"]
[PlyCount "60"]
[EventDate "2021.02.20"]

1. d4 Nf6 2. Nf3 e6 3. Bf4 b6 4. e3 Bb7 5. Be2 Be7 6. h3 d6 7. O-O Nbd7 8. c4
O-O 9. Nc3 c5 10. Rc1 Ne4 11. Nxe4 Bxe4 12. Nd2 Bb7 13. Bf3 Qc7 14. Nb1 cxd4
15. exd4 e5 16. dxe5 dxe5 17. Bxb7 Qxb7 18. Re1 Rad8 19. Qc2 Nc5 20. Bxe5 Nd3
21. Re3 Nxc1 22. Qxc1 f6 23. Bg3 Bc5 24. Rf3 Qe4 25. Rf4 Qd3 26. Nc3 Qxg3 27.
Rg4 Bxf2+ 28. Kh1 Qe3 29. Qc2 Qe1+ 30. Kh2 Qg1# 0-1

[Event "Moscow-Open 2021_A"]
[Site "Moscow"]
[Date "2021.02.26"]
[Round "7.68"]
[White "Vershinin, Igor"]
[Black "Agkatsev, Felix A"]
[Result "1-0"]
[WhiteElo "1835"]
[BlackElo "1338"]
[PlyCount "65"]
[EventDate "2021.02.20"]

1. e4 d6 2. d4 e5 3. Nf3 exd4 4. Nxd4 Nf6 5. Nc3 Be7 6. f3 O-O 7. Be3 c6 8. Qd2
Qc7 9. g4 a6 10. Bg2 b5 11. O-O b4 12. Nce2 c5 13. Nf5 Bb7 14. Bf4 Rd8 15. Rad1
Ne8 16. Neg3 g6 17. Nxe7+ Qxe7 18. e5 d5 19. Bg5 f6 20. exf6 Nxf6 21. Rfe1 Qf7
22. Ne4 Nxe4 23. fxe4 Re8 24. Rf1 Qe6 25. exd5 Qxg4 26. Qf2 Qf5 27. Qxf5 gxf5
28. Rxf5 Nd7 29. Rdf1 Re2 30. Bh6 Rae8 31. Rg5+ Kh8 32. Bg7+ Kg8 33. Be5# 1-0

[Event "Moscow-Open 2021_A"]
[Site "Moscow"]
[Date "2021.02.26"]
[Round "7.69"]
[White "Teymurkhanly, Teymur"]
[Black "Zadorozhy, Egor"]
[Result "1-0"]
[WhiteElo "1799"]
[BlackElo "1156"]
[PlyCount "71"]
[EventDate "2021.02.20"]

1. d4 Nf6 2. Nf3 g6 3. c4 Bg7 4. Nc3 d6 5. Bg5 O-O 6. e3 c5 7. d5 h6 8. Bh4 g5
9. Bg3 Nh5 10. Qc2 f5 11. Be2 a6 12. a4 Qa5 13. Nd2 Nxg3 14. hxg3 Nd7 15. O-O
Ne5 16. f4 gxf4 17. gxf4 Ng6 18. Bh5 Nh8 19. Rf3 Bd7 20. Rg3 Be8 21. Qd1 Qd8
22. Qe2 Kh7 23. Kf2 Bxh5 24. Qxh5 Qe8 25. Qh3 e5 26. dxe6 Qxe6 27. Nd5 Rac8 28.
Nf3 Nf7 29. Rh1 Qe4 30. Qh5 Qe6 31. Rhh3 Kg8 32. Rg6 Rce8 33. Rxe6 Rxe6 34.
Qxf5 Rfe8 35. Rg3 Kf8 36. Nh4 1-0

[Event "Moscow-Open 2021_A"]
[Site "Moscow"]
[Date "2021.02.26"]
[Round "7.70"]
[White "Yurasov, Matfey"]
[Black "Karapetyan, Alexander"]
[Result "1-0"]
[WhiteElo "1402"]
[BlackElo "1782"]
[PlyCount "105"]
[EventDate "2021.02.20"]

1. d4 Nf6 2. Nf3 g6 3. c4 Bg7 4. g3 O-O 5. Bg2 d6 6. O-O Nc6 7. Nc3 e5 8. d5
Nb8 9. e4 a5 10. h3 Na6 11. Be3 Nd7 12. Qd2 f5 13. Ng5 f4 14. gxf4 exf4 15.
Bxf4 Ne5 16. Bxe5 dxe5 17. Nf3 Rxf3 18. Bxf3 Qh4 19. Bg2 Bh6 20. Qd3 Nb4 21.
Qf3 Qf6 22. Ne2 Bd7 23. Qc3 Na6 24. Rfd1 g5 25. Rd3 Kh8 26. Rf3 Qe7 27. Ng3 g4
28. Nf5 Bxf5 29. Rxf5 Bg7 30. hxg4 Nc5 31. g5 Nd7 32. Qh3 Nf8 33. Qa3 Qe8 34.
Qc5 Qh5 35. Qxc7 Ng6 36. d6 Nf4 37. Rxf4 exf4 38. d7 Qxg5 39. Qc8+ Qd8 40.
Qxd8+ Rxd8 41. Bh3 Bxb2 42. Rb1 Bd4 43. Rxb7 Kg7 44. Rb5 f3 45. Rd5 Bf6 46. Rd3
Rb8 47. Rxf3 Rb1+ 48. Kg2 Rd1 49. c5 Rd2 50. c6 Bd8 51. e5 Re2 52. e6 Rc2 53.
Rf7+ 1-0

[Event "Moscow-Open 2021_A"]
[Site "Moscow"]
[Date "2021.02.26"]
[Round "7.71"]
[White "Yarikov, Artem"]
[Black "Bogov, Khetag"]
[Result "1/2-1/2"]
[WhiteElo "1778"]
[BlackElo "1263"]
[PlyCount "80"]
[EventDate "2021.02.20"]

1. e4 c5 2. Nf3 Nc6 3. d4 cxd4 4. Nxd4 Nf6 5. Nc3 e5 6. Ndb5 d6 7. Bg5 a6 8.
Na3 b5 9. Nd5 Be7 10. Bxf6 Bxf6 11. c3 O-O 12. Nc2 Bg5 13. a4 bxa4 14. Rxa4 a5
15. Bc4 Rb8 16. b3 Kh8 17. Nce3 g6 18. O-O f5 19. exf5 Bxf5 20. Nxf5 Rxf5 21.
Qd3 Ne7 22. Nxe7 Bxe7 23. Qd5 Bf6 24. Rd1 Qb6 25. Rd2 e4 26. Qxd6 Qxd6 27. Rxd6
Bxc3 28. Re6 Rbf8 29. Ra2 Bd4 30. Rxe4 Rxf2 31. Rxf2 Bxf2+ 32. Kh1 Bc5 33. g3
Rd8 34. Re2 Bb4 35. Kg2 Rd2 36. Rxd2 Bxd2 37. Kf3 Bb4 38. Ke4 Kg7 39. Ke5 Bc3+
40. Kf4 Bb4 1/2-1/2

[Event "Moscow-Open 2021_A"]
[Site "Moscow"]
[Date "2021.02.26"]
[Round "7.72"]
[White "Cherniaev, Danil"]
[Black "Borisov, Yury"]
[Result "1/2-1/2"]
[WhiteElo "1583"]
[BlackElo "1972"]
[PlyCount "85"]
[EventDate "2021.02.20"]

1. d4 Nf6 2. c4 g6 3. Nc3 d5 4. cxd5 Nxd5 5. g3 Bg7 6. Bg2 Nxc3 7. bxc3 O-O 8.
Nf3 c5 9. O-O Nc6 10. e3 cxd4 11. cxd4 e5 12. dxe5 Nxe5 13. Nxe5 Bxe5 14. Ba3
Bxa1 15. Bxf8 Qxd1 16. Rxd1 Kxf8 17. Rxa1 Rb8 18. Rc1 Be6 19. a3 Rc8 20. Rxc8+
Bxc8 21. Kf1 Ke7 22. Ke2 Kd6 23. Kd3 Kc5 24. Kc3 b5 25. Bf1 Bg4 26. Bg2 a5 27.
e4 g5 28. f4 gxf4 29. gxf4 b4+ 30. axb4+ axb4+ 31. Kb2 Bd1 32. e5 Kd4 33. Bc6
Bg4 34. Kb3 Ke3 35. Bd5 Kxf4 36. Bxf7 Kxe5 37. Kxb4 Kf4 38. Kc3 Kf3 39. Kd4 Kg2
40. h4 Kh3 41. h5 Kh4 42. h6 Kg5 43. Bg8 1/2-1/2

[Event "Moscow-Open 2021_A"]
[Site "Moscow"]
[Date "2021.02.26"]
[Round "7.73"]
[White "Voronin, Nikita"]
[Black "Isaev, Magomed"]
[Result "0-1"]
[WhiteElo "1732"]
[BlackElo "2196"]
[PlyCount "68"]
[EventDate "2021.02.20"]

1. d4 d5 2. c4 c6 3. Nc3 Nf6 4. Nf3 g6 5. g3 Bg7 6. Bg2 O-O 7. O-O dxc4 8. Ne5
Be6 9. e4 Nbd7 10. f4 Qb6 11. Kh1 Rad8 12. Nf3 Bg4 13. h3 Bxf3 14. Bxf3 e5 15.
d5 cxd5 16. exd5 Rfe8 17. Qc2 e4 18. Nxe4 Nxe4 19. Bxe4 Nf6 20. Bf3 Qc5 21. Bd2
Nxd5 22. Rac1 b5 23. a4 a6 24. Kh2 Nb4 25. Bxb4 Qxb4 26. Rf2 Rd3 27. axb5 Bd4
28. Re2 Rxe2+ 29. Bxe2 Rd2 30. Qe4 Qxb2 31. Re1 axb5 32. Kh1 c3 33. Rb1 Rxe2
34. Qa8+ Kg7 0-1

[Event "Moscow-Open 2021_A"]
[Site "Moscow"]
[Date "2021.02.26"]
[Round "7.74"]
[White "Silenko, Alexey"]
[Black "Kuznetsov, Ivan V."]
[Result "1/2-1/2"]
[WhiteElo "1561"]
[BlackElo "1831"]
[PlyCount "84"]
[EventDate "2021.02.20"]

1. e4 c5 2. Nf3 Nc6 3. d3 d6 4. Nbd2 g6 5. g3 Bg7 6. Bg2 e6 7. O-O Nge7 8. Re1
O-O 9. c3 a6 10. a4 Rb8 11. Nb3 h6 12. h4 b5 13. axb5 axb5 14. Qe2 e5 15. Be3
Be6 16. Nbd2 Qd7 17. Red1 b4 18. Nb1 f5 19. Qd2 Kh7 20. exf5 Nxf5 21. Qe2 bxc3
22. bxc3 Rb3 23. Nbd2 Rxc3 24. Ne4 Nxe3 25. fxe3 Rb3 26. Nfg5+ hxg5 27. Nxg5+
Kh8 28. Bxc6 Qxc6 29. Nxe6 Rfb8 30. Nxg7 Rb2 31. Rd2 Rb1+ 32. Rd1 R8b2 33. Qf1
Rxd1 34. Rxd1 Kxg7 35. e4 Qb7 36. Qf3 Qf7 37. Rf1 Qxf3 38. Rxf3 Rc2 39. Rf1 Rc3
40. Rd1 Rc2 41. Rf1 Rc3 42. Rd1 Rc2 1/2-1/2

[Event "Moscow-Open 2021_A"]
[Site "Moscow"]
[Date "2021.02.26"]
[Round "7.76"]
[White "Pereverzev, Timofei"]
[Black "Arutyunova, Yuliya"]
[Result "1-0"]
[WhiteElo "1506"]
[BlackElo "1802"]
[PlyCount "105"]
[EventDate "2021.02.20"]

1. c4 c5 2. g3 g6 3. Bg2 Bg7 4. Nf3 Nf6 5. O-O O-O 6. Nc3 Nc6 7. Rb1 d6 8. a3
Bf5 9. d3 Qd7 10. b4 cxb4 11. axb4 Bh3 12. b5 Ne5 13. Nxe5 dxe5 14. Bb2 Bxg2
15. Kxg2 b6 16. Ne4 Qb7 17. f3 Nxe4 18. dxe4 Rfd8 19. Qb3 Rac8 20. Rfd1 Qc7 21.
Rd3 Rxd3 22. exd3 Qc5 23. Re1 Rd8 24. Kf1 Qd6 25. Rd1 Qf6 26. Kg2 Qg5 27. Bc1
Qf6 28. Qa3 Rd7 29. Qa6 Qd6 30. Qa3 Qd4 31. Qb2 Qd6 32. Kf2 Qe6 33. Kg2 h5 34.
h4 f5 35. Qe2 Qf7 36. exf5 gxf5 37. Bb2 e4 38. Bxg7 exd3 39. Qe5 Rd6 40. Bh6
Rxh6 41. Rxd3 Rd6 42. Rxd6 exd6 43. Qxd6 Qxc4 44. Qg6+ Kf8 45. Qxf5+ Ke7 46.
Qe4+ Qe6 47. Qxe6+ Kxe6 48. g4 hxg4 49. fxg4 Kf6 50. Kf3 Ke5 51. h5 Kf6 52. h6
Kg6 53. g5 1-0

[Event "Moscow-Open 2021_A"]
[Site "Moscow"]
[Date "2021.02.26"]
[Round "7.77"]
[White "Fedosov, Alexander"]
[Black "Meydi, Igor"]
[Result "1/2-1/2"]
[WhiteElo "1369"]
[BlackElo "1678"]
[PlyCount "108"]
[EventDate "2021.02.20"]

1. d4 d5 2. c4 e6 3. Nc3 Nf6 4. cxd5 exd5 5. Bg5 c6 6. e3 Bf5 7. Nf3 h6 8. Bh4
Be7 9. Bd3 Bxd3 10. Qxd3 O-O 11. O-O Nbd7 12. Rab1 a5 13. Rfd1 Re8 14. Rdc1 Ne4
15. Bxe7 Rxe7 16. Nd2 Nef6 17. Qf5 Qb6 18. Qd3 Qb4 19. h3 a4 20. b3 axb3 21.
axb3 Ree8 22. Ra1 Nf8 23. Ra4 Qd6 24. Rca1 Rxa4 25. bxa4 Ra8 26. Rb1 Ra7 27.
Qc2 N8d7 28. Rb3 Ne8 29. Qb1 Qc7 30. Qc1 Qa5 31. Qa3 Nef6 32. Qb2 Qa6 33. Nf1
b6 34. Ng3 g6 35. Qc2 Qc4 36. Qb2 Ne8 37. Rb4 Qd3 38. Nge2 Nd6 39. Rb3 Qf5 40.
Ng3 Qe6 41. Qc2 Nc4 42. Nge2 Ra5 43. Kh1 Kg7 44. Nf4 Qd6 45. Qe2 Nf6 46. Nd3
Ne4 47. Nxe4 dxe4 48. Nb2 Nxb2 49. Qxb2 Rxa4 50. Rxb6 Qd5 51. Qb3 Ra1+ 52. Kh2
Qd6+ 53. g3 Qf6 54. Qb2 Rd1 1/2-1/2

[Event "Moscow-Open 2021_A"]
[Site "Moscow"]
[Date "2021.02.26"]
[Round "7.78"]
[White "Kasintsov, Gleb"]
[Black "Lebedev, Artem S."]
[Result "0-1"]
[WhiteElo "1658"]
[BlackElo "1623"]
[PlyCount "98"]
[EventDate "2021.02.20"]

1. d4 d5 2. Bf4 Nf6 3. e3 c5 4. c3 Nc6 5. Bd3 Qb6 6. Qc1 Bg4 7. Nd2 Nh5 8. Bg3
cxd4 9. exd4 Nxg3 10. hxg3 e5 11. f3 Bd7 12. a3 exd4 13. c4 Ne5 14. Qc2 Qxb2
15. Rb1 Qxa3 16. Nb3 Qb4+ 17. Kf2 dxc4 18. Qe2 Bd6 19. Nd2 cxd3 20. Qxe5+ Bxe5
21. Rxb4 b5 22. f4 Bd6 23. Rb3 a5 24. Ne4 Be7 25. Rxd3 a4 26. Ne2 Bf5 27. Rxd4
O-O 28. Kf3 b4 29. Nd6 Bd7 30. Ne4 Bc6 31. g4 a3 32. N2g3 a2 33. Rdd1 Bf6 34.
Nh5 Bxe4+ 35. Kxe4 a1=Q 36. Rxa1 Bxa1 37. f5 Rfe8+ 38. Kf4 Be5+ 39. Kg5 b3 40.
f6 Bxf6+ 41. Nxf6+ gxf6+ 42. Kh6 b2 43. g5 fxg5 44. g4 Ra5 45. Kh5 Ra1 46. Rh4
b1=Q 47. Kxg5 f6+ 48. Kf4 Qe4+ 49. Kg3 Rg1+ 0-1

[Event "Moscow-Open 2021_A"]
[Site "Moscow"]
[Date "2021.02.26"]
[Round "7.79"]
[White "Korovko, Iakov"]
[Black "Makarenko, Kirill"]
[Result "1/2-1/2"]
[WhiteElo "1606"]
[BlackElo "1507"]
[PlyCount "127"]
[EventDate "2021.02.20"]

1. e4 d6 2. f4 Nf6 3. Nc3 e5 4. Nf3 Nbd7 5. Bc4 Be7 6. O-O O-O 7. d4 exd4 8.
Nxd4 Nc5 9. Qf3 c6 10. Bb3 Nxb3 11. axb3 d5 12. e5 Bc5 13. Be3 Ng4 14. Na4 Be7
15. Ne2 f6 16. Nb6 Rb8 17. Nxc8 Qxc8 18. exf6 Nxf6 19. Bxa7 Ra8 20. Bd4 Qf5 21.
Qd3 Qxd3 22. cxd3 c5 23. Be5 d4 24. Bxf6 Bxf6 25. Ng3 Ra6 26. Rxa6 bxa6 27. Ne4
Be7 28. Ra1 Rb8 29. Nd2 Rb6 30. g4 Kf7 31. Kf2 Re6 32. Ne4 g6 33. Kf3 Kf8 34.
h4 h5 35. g5 Kf7 36. b4 Bd8 37. bxc5 Bc7 38. b4 Bxf4 39. Ra5 Rc6 40. Nd6+ Bxd6
41. cxd6 Ke6 42. Ke4 Rxd6 43. Re5+ Kf7 44. Rd5 Rb6 45. Rxd4 Ke6 46. Rc4 Kd6 47.
Kd4 Rb5 48. Kc3 a5 49. bxa5 Rxa5 50. Rf4 Ra3+ 51. Kd4 Ra4+ 52. Ke3 Ra1 53. Rf6+
Ke7 54. Kf2 Rh1 55. Kg3 Rd1 56. Rf3 Rg1+ 57. Kh2 Rg4 58. Kh3 Rd4 59. Kg3 Rg4+
60. Kf2 Rxh4 61. Rf6 Rd4 62. Rxg6 Rxd3 63. Rh6 Kf7 64. Rxh5 1/2-1/2

[Event "Moscow-Open 2021_A"]
[Site "Moscow"]
[Date "2021.02.27"]
[Round "8.7"]
[White "Maiorov, Nikita"]
[Black "Naumkin, Igor"]
[Result "1/2-1/2"]
[WhiteElo "2495"]
[BlackElo "2277"]
[PlyCount "83"]
[EventDate "2021.02.20"]

1. d4 Nf6 2. c4 e6 3. Nf3 b6 4. g3 Bb7 5. Bg2 Be7 6. O-O O-O 7. Nc3 Ne4 8. Bd2
f5 9. Ne5 Nxc3 10. Bxc3 Bxg2 11. Kxg2 Bf6 12. Qd3 a5 13. Rfd1 d5 14. Nf3 Nc6
15. Rac1 Ne7 16. b3 Qd7 17. Rc2 Rfc8 18. Bb2 a4 19. Bc3 axb3 20. axb3 Ng6 21.
Be1 h6 22. Rdc1 Ra7 23. cxd5 Qxd5 24. Bb4 Bg5 25. Re1 Bf6 26. Kg1 Rd8 27. Rd2
Qe4 28. Qc4 Qd5 29. Rc2 Qxc4 30. Rxc4 e5 31. dxe5 Nxe5 32. Nxe5 Bxe5 33. Rc6
Rd4 34. Bc3 Rd5 35. Bxe5 Rxe5 36. e3 Rd5 37. Rec1 Rd7 38. Kg2 Ra3 39. Rxc7 Rxc7
40. Rxc7 Rxb3 41. Kf3 Rb2 42. Rd7 1/2-1/2

[Event "Moscow-Open 2021_A"]
[Site "Moscow"]
[Date "2021.02.27"]
[Round "8.8"]
[White "Medzinovskiy, Petr"]
[Black "Korchmar, Vasiliy"]
[Result "0-1"]
[WhiteElo "2179"]
[BlackElo "2451"]
[PlyCount "102"]
[EventDate "2021.02.20"]

1. e4 c5 2. Nf3 d6 3. d4 cxd4 4. Nxd4 Nf6 5. Nc3 a6 6. Nb3 e6 7. g4 b5 8. Bg2
Bb7 9. g5 Nfd7 10. a3 Nc6 11. Be3 Nce5 12. Qd4 Nc4 13. O-O-O Rc8 14. Nd2 e5 15.
Qd3 Nc5 16. Bxc5 Qxg5 17. h4 Qxg2 18. Rdg1 Qxh1 19. Rxh1 Rxc5 20. Rg1 g6 21.
Nxc4 bxc4 22. Qd2 h5 23. Kb1 Be7 24. f3 Kf8 25. Nd1 d5 26. exd5 Bxd5 27. Qe3
Be6 28. Nc3 Kg7 29. Ne4 Rb5 30. Nc3 Rb7 31. Kc1 Rhb8 32. Nd1 Bf6 33. Rg2 Rb5
34. Qa7 R5b6 35. Qc7 R8b7 36. Qc5 Rb5 37. Qc6 Bd5 38. Qxa6 Bxf3 39. Rf2 e4 40.
a4 R5b6 41. Qxc4 Rd6 42. Rd2 Rxd2 43. Kxd2 Rd7+ 44. Ke3 Rxd1 45. a5 Bxh4 46. a6
Bg5+ 47. Kf2 Bh4+ 48. Ke3 Bg5+ 49. Kf2 Rd2+ 50. Kg3 Rg2+ 51. Kh3 Bf4 0-1

[Event "Moscow-Open 2021_A"]
[Site "Moscow"]
[Date "2021.02.27"]
[Round "8.9"]
[White "Bazyrtsyrenov, Kirill"]
[Black "Zarubitski, Viachaslau"]
[Result "0-1"]
[WhiteElo "2156"]
[BlackElo "2446"]
[PlyCount "84"]
[EventDate "2021.02.20"]

1. e4 e6 2. d4 d5 3. e5 c5 4. c3 Qb6 5. Nf3 Bd7 6. a3 Bb5 7. c4 Bxc4 8. Bxc4
dxc4 9. d5 Ne7 10. d6 Nec6 11. Nbd2 Qa6 12. O-O Nd7 13. Re1 h6 14. Ne4 g5 15.
Be3 b6 16. Nfxg5 hxg5 17. Nxg5 Ncxe5 18. f4 Nd3 19. Qf3 Qc8 20. Bd2 Nxe1 21.
Rxe1 Bg7 22. Bc3 Bxc3 23. Qxc3 Rg8 24. Qf3 Nf8 25. h4 Rb8 26. f5 Rb7 27. fxe6
Nxe6 28. Nxe6 fxe6 29. Qf6 Rbg7 30. Re2 Qa8 31. d7+ Kxd7 32. Qxe6+ Kc7 33. Qe5+
Kc6 34. Qe4+ Kb5 35. a4+ Kb4 36. Qc2 Qd5 37. Rd2 Qe5 38. h5 Qe1+ 39. Kh2 Qh4+
40. Kg1 Qe1+ 41. Kh2 Qg3+ 42. Kg1 Re8 0-1

[Event "Moscow-Open 2021_A"]
[Site "Moscow"]
[Date "2021.02.27"]
[Round "8.10"]
[White "Zhukenov, Aituar"]
[Black "Kardashevskiy, Evgeny"]
[Result "0-1"]
[WhiteElo "2144"]
[BlackElo "2427"]
[PlyCount "54"]
[EventDate "2021.02.20"]

1. e4 c5 2. Nf3 d6 3. d4 cxd4 4. Nxd4 Nf6 5. Nc3 g6 6. h3 e5 7. Nb3 Be6 8. Be3
Nbd7 9. Qf3 Rc8 10. g4 h6 11. O-O-O Rxc3 12. bxc3 Qc7 13. Kb1 Qxc3 14. Bg2 Be7
15. Bd2 Qc7 16. Qc3 Qb8 17. f4 O-O 18. f5 Rc8 19. Qe3 Bc4 20. h4 Nxg4 21. Qg3
h5 22. Bg5 Ndf6 23. Rd2 Qc7 24. Ka1 a5 25. Qc3 Qb6 26. Rb1 d5 27. Bxf6 Bb4 0-1